000 00537nam a2200229Ia 4500
003 OSt
005 20220924153015.0
006 a|||||r|||| 00| 0
007 ta
008 220923b |||||||| |||| 00| 0 guj d
024 _a346414
037 _cTextual
040 _aARTS
_cARTS
_bguj
041 _2guj
_aguj
082 _aO156,3M78,1, G2
100 _aShah
245 0 _aAek
260 _c1932
650 _aGUJRATI LITERATURE
942 _hO156,3M78,1, G2
_cTEXL
_2CC
999 _c471956
_d471956